000 00446nmm a2200145Ia 4500
008 251105s9999||||xx |||||||||||||||||und||
041 _aspa
100 _aArbolí Desvalls, Juan José
245 0 _aLa travesía del desierto :
_b Experiencias de un Embajador
264 _a[Madrid, España] :
_bLantia,
_c2017
300 _a0 páginas
650 _aHistorical fiction
856 _uhttps://public.digitaliapublishing.com/a/87523
942 _cCF
999 _c106320
_d106320